From neuron to brain / (Record no. 525)

000 -LEADER
fixed length control field 01564nam a22004457a 4500
001 - CONTROL NUMBER
control field 11944612
003 - CONTROL NUMBER IDENTIFIER
control field OSt
005 - DATE AND TIME OF LATEST TRANSACTION
control field 20210420073129.0
008 - FIXED-LENGTH DATA ELEMENTS--GENERAL INFORMATION
fixed length control field 000317s2001 maua b 001 0 eng
010 ## - LIBRARY OF CONGRESS CONTROL NUMBER
LC control number 00036529
020 ## - INTERNATIONAL STANDARD BOOK NUMBER
International Standard Book Number 0878934391
040 ## - CATALOGING SOURCE
Original cataloging agency eng
Transcribing agency DLC
Modifying agency eng
041 ## - LANGUAGE CODE
Language code of text/sound track or separate title eng
042 ## - AUTHENTICATION CODE
Authentication code pcc
050 00 - LIBRARY OF CONGRESS CALL NUMBER
Classification number QP355.2
Item number .K83 2001
080 ## - UNIVERSAL DECIMAL CLASSIFICATION NUMBER
Universal Decimal Classification number 616.8
Item number N-50
082 00 - DEWEY DECIMAL CLASSIFICATION NUMBER
Classification number 573.8
Edition number 21
100 ## - MAIN ENTRY--PERSONAL NAME
9 (RLIN) 439
Personal name Nicholls, G. John
245 00 - TITLE STATEMENT
Title From neuron to brain /
Statement of responsibility, etc. John G. Nicholls ... [et al.].
250 ## - EDITION STATEMENT
Edition statement 4th ed.
260 ## - PUBLICATION, DISTRIBUTION, ETC.
Place of publication, distribution, etc. Sunderland, Mass. :
Name of publisher, distributor, etc. Sinauer Associates,
Date of publication, distribution, etc. c2001.
300 ## - PHYSICAL DESCRIPTION
Extent 1 v. (various pagings) : 580 p. Appendix 21 p. Glossary 7 p/ Bibliography 60 p. Index 11 p.
Other physical details ill. (some col.) ;
Dimensions 29 cm.
500 ## - GENERAL NOTE
General note Previous ed. cataloged under: Nicholls, John G.
504 ## - BIBLIOGRAPHY, ETC. NOTE
Bibliography, etc. note Includes bibliographical references and index.
650 #0 - SUBJECT ADDED ENTRY--TOPICAL TERM
Topical term or geographic name entry element Neurophysiology.
650 #0 - SUBJECT ADDED ENTRY--TOPICAL TERM
Topical term or geographic name entry element Neurology
9 (RLIN) 100
650 #0 - SUBJECT ADDED ENTRY--TOPICAL TERM
Topical term or geographic name entry element Brain.
650 #0 - SUBJECT ADDED ENTRY--TOPICAL TERM
Topical term or geographic name entry element Neurons.
653 ## - INDEX TERM--UNCONTROLLED
Uncontrolled term ნევროლოგია
653 ## - INDEX TERM--UNCONTROLLED
Uncontrolled term ნეიროფიზიოლოგია
653 ## - INDEX TERM--UNCONTROLLED
Uncontrolled term თავის ტვინი
700 1# - ADDED ENTRY--PERSONAL NAME
Personal name Nicholls, John G.
700 1# - ADDED ENTRY--PERSONAL NAME
Personal name Nicholls, John G.
Title of a work From neuron to brain.
700 ## - ADDED ENTRY--PERSONAL NAME
Personal name Martin, A. Robert
9 (RLIN) 440
700 ## - ADDED ENTRY--PERSONAL NAME
Personal name Wallace, G. Bruce
9 (RLIN) 441
700 ## - ADDED ENTRY--PERSONAL NAME
Personal name Fuchs, A. Paul
9 (RLIN) 442
906 ## - LOCAL DATA ELEMENT F, LDF (RLIN)
a 7
b cbc
c orignew
d 1
e ocip
f 20
g y-gencatlg
942 ## - ADDED ENTRY ELEMENTS (KOHA)
Source of classification or shelving scheme
Koha item type Books
Edition 4
Holdings
Withdrawn status Lost status Source of classification or shelving scheme Damaged status Not for loan Permanent location Current location Date acquired Inventory number Total Checkouts Full call number Barcode Date last seen Price effective from Koha item type
          Ken Walker International University Ken Walker International University 12/02/2020 761   616.8 N-50 761 12/02/2020 12/02/2020 Books

Powered by Koha